000 00508nam a22001697a 4500
999 _c62242
_d62242
005 20240829154620.0
008 240829c2011 enk||||| |||| 00| 0 eng d
022 _a0149 9246
041 _aeng
245 _aHastings International and Comparative Law Review :
_b2011 /
_cEditor. E. Odell.
260 _aCalifornia,
_c2011.
300 _aV.
653 _aსამართალი
653 _aპერიოდიკა
700 _aOdell, E.
_eრედაქტორი
_923143
942 _2udc
_cCR